| Поле | Инд. | ПП | Название | Значение |
|---|---|---|---|---|
| Тип записи | a | |||
| Библиографический уровень | m | |||
| 001 | Контрольный номер | RU/IS/BASE/307792941 | ||
| 005 | Дата корректировки | 20150513113625.6 | ||
| 020 | a | ISBN | 978-5-903692-02-6 | |
| 040 | a | Служба первич. каталог. | НБ ТвГУ | |
| b | Код языка каталог. | rus | ||
| e | Правила каталог. | PSBO | ||
| 041 | 0_ | a | Код языка текста | rus |
| 080 | a | Индекс УДК | 378.016:347 | |
| 080 | a | Индекс УДК | 347.91 | |
| 084 | a | Индекс другой классификации/Индекс ББК | Х410.14 | |
| a | Индекс другой классификации/Индекс ББК | Х938.3 | ||
| 090 | a | Полочн. индекс | Х410.1 | |
| x | Авторский знак | Х 91 | ||
| 245 | 10 | a | Заглавие | Хрестоматия альтернативного разрешения споров |
| b | Продолж. заглавия | учебно-методические материалы и практические рекомендации : третейское разбирательство, международный коммерческий арбитраж, посредничество (медиация) : учебное пособие | ||
| c | Ответственность | [сост. Г. В. Севастьянов] | ||
| 246 | a | Другая форма заглавия | третейское разбирательство, международный коммерческий арбитраж, посредничество (медиация) | |
| 260 | a | Место издания | Санкт-Петербург | |
| b | Издательство | Редакция журнала "Третейский суд" | ||
| c | Дата издания | 2009 | ||
| 300 | a | Объем | 517 с. | |
| 440 | a | Серия | Библиотека журнала "Третейских суд" | |
| n | Номер части | Вып. 3 | ||
| 504 | a | Библиография | Библиогр. в подстроч. примеч. | |
| 520 | a | Аннотация | « Хрестоматия альтернативного разрешения споров » — первый в России сборник систематизированных материалов по методике преподавания и практического применения альтернативного разрешения споров (в целом) и его отдельных способов — третейского разбирательства, международного коммерческого арбитража и посредничества (медиации). | |
| И | здание подготовлено на основе апробированных знаний и опыта как отдельных специалистов, так и российских юридических вузов и факультетов, а также выработанных в рамках Первой Всероссийской (международной) научно–методической конференции «Альтернативное разрешение споров в программах высшего и дополнительного профессионального образования» модельных программ преподавания способов АРС в качестве дисциплин (курсов). | |||
| М | одельные образовательные программы могут быть использованы непосредственно для преподавания, а также в качестве основы для авторских курсов в области АРС. Учебно–методический комплекс удачно дополняется практическими рекомендациями и примерами использования указанных способов АРС. | |||
| И | здание предназначено, в первую очередь, для преподавателей юридических вузов и факультетов, а также может быть успешно использовано для выработки программ дополнительного образования и повышения квалификации. | |||
| 650 | 14 | a | Основная рубрика | Альтернативное разрешение споров |
| x | Основная подрубрика | Методика преподавания в вузе | ||
| x | Основная подрубрика | Учебники для вузов | ||
| x | Основная подрубрика | Хрестоматии для вузов | ||
| 650 | 14 | a | Основная рубрика | Третейский суд |
| 650 | 14 | a | Основная рубрика | Арбитраж международный коммерческий |
| 650 | 14 | a | Основная рубрика | Посредничество |
| 653 | a | Ключевые слова | Альтернативное разрешение споров | |
| a | Ключевые слова | Арбитраж | ||
| a | Ключевые слова | Коммерческий арбитраж | ||
| a | Ключевые слова | Медиация | ||
| a | Ключевые слова | Международный арбитраж | ||
| a | Ключевые слова | Международный коммерческий арбитраж | ||
| a | Ключевые слова | Посредничество | ||
| a | Ключевые слова | Преподавание альтернативного разрешения споров | ||
| a | Ключевые слова | Третейский суд | ||
| a | Ключевые слова | Третейское разбирательство | ||
| a | Ключевые слова | Хрестоматии | ||
| a | Ключевые слова | Методика | ||
| 700 | a | Другие авторы | Севастьянов Глеб Владимирович | |
| e | Роль лиц | ред. | ||
| 910 | a | гриф есть** | ||
| 920 | a | Оператор | Густ | |
| 930 | a | Новая/Ретро | методика | |
| a | Новая/Ретро | учебники | ||
| a | Новая/Ретро | хрестоматии | ||
| 952 | c | Вид литературы | К ру | |
| 954 | a | Дата поступления на обработку | 20091228 |